Spell the Marvel Character #200 - Statistics

General Stats
  • This quiz has been taken 27 times
  • The average score is 5 of 8
Answer Stats
Picture Answer % Correct
Doctor Strange
96%
Invisible Woman
96%
Rocket Raccoon
96%
America Chavez
78%
Iron Lad
48%
Lightspeed
35%
Oya
35%
Namora
26%
No matching quizzes found
Score Distribution
Percent of People with Each Score
Percentile by Number Answered
Your Score History
You have not taken this quiz